000 01060nam a2200265Ia 4500
003 OSt
005 20220923211202.0
006 a|||||r|||| 00| 0
007 ta
008 220922b |||||||| |||| 00| 0 san d
020 _a8188808377 (hbk)
_c250
024 _a355,057
037 _b159, 22/12/2021, Mallika Books
_cTextual
040 _aARTS
_cARTS
_bsan
041 _2san
_asan
082 _aR67:g, 152P8
100 _aपाण्डेय, व्रजेश कुमार, ले.
_9159273
245 0 _aशक्तिविशिष्टाद्वैत दर्शन में जीव - स्वरूप
246 _aShaktivishiṣhṭādvait darshan mean jīv - svarūpa
260 _aदिल्ली
_b शिवालिक प्रकाशन
_c2008
300 _a95पृ0
_ccm.
650 _aदर्शनशास्त्र
_9159274
942 _hR67:g, 152P8
_cTEXL
_2CC
999 _c296483
_d296483